| 000 | 00363nam a2200145Ia 4500 | ||
|---|---|---|---|
| 008 | 221030s9999 xx 000 0 und d | ||
| 020 | _a8180141128 | ||
| 041 | _aEnglish | ||
| 100 | _aK. R. Arora | ||
| 245 | 0 |
_aSoil Mechanics & Foundation Engineering _cby K. R. Arora |
|
| 260 |
_bStandard Pub. _aDelhi _c2017 |
||
| 300 | _a953 | ||
| 650 | _aCivil | ||
| 942 | _cBK | ||
| 999 |
_c17873 _d17873 |
||